| 000 | 00910nam a22002897a 4500 | ||
|---|---|---|---|
| 001 | 200460208 | ||
| 003 | TR-AnTOB | ||
| 005 | 20250812133106.0 | ||
| 008 | 240520b tu ||||| |||| 00| 0 tur d | ||
| 020 | _a9789753630158 | ||
| 040 |
_aTR-AnTOB _beng _cTR-AnTOB _erda |
||
| 092 |
_a813.42 _bDAY 2022 |
||
| 100 | 1 |
_aDayıoğlu, Gülten, _d1935- _942399 |
|
| 245 | 1 | 0 |
_aYeşil kiraz / _cGülten Dayıoğlu. |
| 250 | _a59. baskı. | ||
| 260 |
_aİstanbul : _bYapı Kredi Yayınları, _c2022. |
||
| 300 |
_a277 Pages. ; _c20 cm. |
||
| 336 |
_atext _btxt _2rdacontent |
||
| 337 |
_aunmediated _bn _2rdamedia |
||
| 338 |
_avolume _bnc _2rdacarrier |
||
| 490 | 1 |
_aYapı Kredi yayınları ; _v103. _aDoğan kardeş kitaplığı ; _v20. _aİlkgençlik. |
|
| 650 | 7 |
_aTürk romanı _2etuturkob _99421 |
|
| 650 | 0 |
_aTurkish fiction. _97165 |
|
| 942 |
_2ddc _cBK |
||
| 999 |
_c200460208 _d78420 |
||